MARC

LEADER 00000nam0a2200000 4500
001 354146
005 20231102010649.0
035 |a (RuTPU)RU\TPU\retro\11404 
090 |a 354146 
100 |a 20200617d1972 km y0rusy50 ca 
101 0 |a rus 
102 |a UA 
105 |a a z 001zy 
200 1 |a Вопросы геологии нефтегазоносных регионов Украины  |e сборник статей  |f Украинский научно-исследовательский геологоразведочный институт ; под ред. В. А. Витенко, И. Н. Головацкого 
210 |a Киев  |c Технiка  |d 1972 
215 |a 173 с.  |c ил. 
320 |a Библиогр. в конце ст. 
606 1 |a Геология  |y Украина  |2 stltpush  |3 (RuTPU)RU\TPU\subj\74849  |9 86818 
606 1 |a Нефтегазоносность  |2 stltpush  |3 (RuTPU)RU\TPU\subj\45590  |9 64783 
610 1 |a осадочный чехол 
610 1 |a стробирование 
610 1 |a антиклинальные структуры 
610 1 |a фации 
610 1 |a анализ 
610 1 |a палеогеография 
610 1 |a поисково-разведочные работы 
610 1 |a Днепровско-Донецкая впадина 
675 |a 55(477)  |v 4 
675 |a 553.98(477)  |v 4 
702 1 |a Витенко  |b В. А.  |4 340 
702 1 |a Головацкий  |b И. Н.  |4 340 
712 0 2 |a Украинский научно-исследовательский геологоразведочный институт  |c (Львов/Киев)  |c (1957-1991)  |2 stltpush  |3 (RuTPU)RU\TPU\col\2063  |9 23645 
801 1 |a RU  |b 63413507  |c 20200617 
801 2 |a RU  |b 63413507  |c 20210330  |g RCR 
942 |c BK